[Event "Deutsche Ländermeisterschaft 2024"]
[Site "Tübingen GER"]
[Date "2024.10.06"]
[Round "7"]
[White "Haack, Kevin"]
[Black "Wunderlich, Elias"]
[Result "1-0"]
[Termination "normal"]
[Board "1.1"]
[WhiteTitle "FM"]
[WhiteElo "2305"]
[BlackElo "2073"]
[WhiteClock "01:17:37"]
[BlackClock "00:22:34"]
[WhiteTeam "Hessen"]
[BlackTeam "Bayern"]
[PlyCount "97"]
[WhiteFideId "16228715"]
[BlackFideId "34608087"]
[EventCountry "GER"]
[EventRounds "7"]
[EventType "team-swiss"]
[EventDate "2024.10.02"]

1. c4 {[%clk 01:30:22]} {[%emt 00:00:37]} e6 {[%clk 01:30:59]} {[%emt
00:00:01]} 2. Nf3 {[%clk 01:30:41]} {[%emt 00:00:11]} d5 {[%clk 01:31:25]}
{[%emt 00:00:04]} 3. g3 {[%clk 01:31:06]} {[%emt 00:00:05]} Nf6 {[%clk
01:31:30]} {[%emt 00:00:24]} 4. Bg2 {[%clk 01:31:32]} {[%emt 00:00:05]} Be7
{[%clk 01:30:03]} {[%emt 00:01:57]} 5. d4 {[%clk 01:31:52]} {[%emt 00:00:10]}
O-O {[%clk 01:30:22]} {[%emt 00:00:11]} 6. O-O {[%clk 01:32:19]} {[%emt
00:00:03]} c6 {[%clk 01:30:44]} {[%emt 00:00:08]} 7. Nc3 {[%clk 01:32:37]}
{[%emt 00:00:12]} b6 {[%clk 01:30:29]} {[%emt 00:00:45]} 8. Ne5 {[%clk
01:32:49]} {[%emt 00:00:18]} Bb7 {[%clk 01:29:50]} {[%emt 00:01:09]} 9. e4
{[%clk 01:32:34]} {[%emt 00:00:45]} Nbd7 {[%clk 01:23:48]} {[%emt 00:06:33]}
10. Nxc6 {[%clk 01:32:36]} {[%emt 00:00:28]} Bxc6 {[%clk 01:23:36]} {[%emt
00:00:40]} 11. exd5 {[%clk 01:33:01]} {[%emt 00:00:06]} exd5 {[%clk 01:17:48]}
{[%emt 00:06:17]} 12. cxd5 {[%clk 01:33:23]} {[%emt 00:00:08]} Bb7 {[%clk
01:16:33]} {[%emt 00:01:44]} 13. d6 {[%clk 01:33:47]} {[%emt 00:00:07]} Bxg2
{[%clk 01:16:41]} {[%emt 00:00:23]} 14. dxe7 {[%clk 01:34:12]} {[%emt
00:00:04]} Qxe7 {[%clk 01:16:55]} {[%emt 00:00:15]} 15. Kxg2 {[%clk 01:34:40]}
{[%emt 00:00:04]} Qe6 {[%clk 01:15:10]} {[%emt 00:02:14]} 16. Qf3 {[%clk
01:31:20]} {[%emt 00:03:50]} Rad8 {[%clk 01:09:58]} {[%emt 00:05:42]} 17. Be3
{[%clk 01:26:21]} {[%emt 00:05:30]} Nb8 {[%clk 01:07:16]} {[%emt 00:03:11]} 18.
Rfe1 {[%clk 01:23:28]} {[%emt 00:03:24]} Qc6 {[%clk 00:37:35]} {[%emt
00:30:11]} 19. Rad1 {[%clk 01:15:53]} {[%emt 00:08:04]} Nd5 {[%clk 00:34:26]}
{[%emt 00:03:39]} 20. Rc1 {[%clk 01:11:12]} {[%emt 00:05:12]} Nb4 {[%clk
00:33:19]} {[%emt 00:01:36]} 21. Red1 {[%clk 01:10:28]} {[%emt 00:01:15]} Nd5
{[%clk 00:29:10]} {[%emt 00:04:38]} 22. Nxd5 {[%clk 01:07:38]} {[%emt
00:03:21]} Qxd5 {[%clk 00:29:38]} {[%emt 00:00:02]} 23. Qxd5 {[%clk 01:07:57]}
{[%emt 00:00:11]} Rxd5 {[%clk 00:29:53]} {[%emt 00:00:15]} 24. Rc7 {[%clk
01:08:22]} {[%emt 00:00:04]} a6 {[%clk 00:26:27]} {[%emt 00:03:56]} 25. Rdc1
{[%clk 01:08:15]} {[%emt 00:00:38]} Nd7 {[%clk 00:19:07]} {[%emt 00:07:49]} 26.
Rb7 {[%clk 01:07:39]} {[%emt 00:01:06]} f5 {[%clk 00:17:47]} {[%emt 00:01:50]}
27. Rcc7 {[%clk 01:06:08]} {[%emt 00:02:01]} Rf7 {[%clk 00:17:28]} {[%emt
00:00:50]} 28. h4 {[%clk 01:05:24]} {[%emt 00:01:14]} h6 {[%clk 00:14:34]}
{[%emt 00:03:23]} 29. a4 {[%clk 00:55:10]} {[%emt 00:10:44]} a5 {[%clk
00:10:44]} {[%emt 00:04:21]} 30. Kf1 {[%clk 00:54:11]} {[%emt 00:01:29]} Kf8
{[%clk 00:08:55]} {[%emt 00:02:18]} 31. Ke2 {[%clk 00:54:31]} {[%emt 00:00:10]}
Rd6 {[%clk 00:07:23]} {[%emt 00:02:03]} 32. Kd2 {[%clk 00:53:33]} {[%emt
00:01:28]} Re7 {[%clk 00:04:34]} {[%emt 00:03:19]} 33. Kc3 {[%clk 00:49:27]}
{[%emt 00:04:36]} Nf6 {[%clk 00:01:11]} {[%emt 00:03:53]} 34. Rxe7 {[%clk
00:49:12]} {[%emt 00:00:45]} Nd5+ {[%clk 00:01:40]} 35. Kc4 {[%clk 00:49:34]}
{[%emt 00:00:08]} Nxe7 {[%clk 00:02:07]} {[%emt 00:00:02]} 36. Bf4 {[%clk
00:49:47]} {[%emt 00:00:18]} Re6 {[%clk 00:02:00]} {[%emt 00:00:37]} 37. Be5
{[%clk 00:49:50]} {[%emt 00:00:27]} g5 {[%clk 00:02:04]} {[%emt 00:00:26]} 38.
hxg5 {[%clk 00:47:37]} {[%emt 00:02:44]} hxg5 {[%clk 00:02:32]} 39. f4 {[%clk
00:48:00]} {[%emt 00:00:06]} gxf4 {[%clk 00:00:57]} {[%emt 00:02:06]} 40. gxf4
{[%clk 00:48:29]} Rc6+ {[%clk 00:00:44]} {[%emt 00:00:42]} 41. Kb5 {[%clk
00:48:36]} {[%emt 00:00:23]} Rc2 {[%clk 00:30:26]} {[%emt 00:00:48]} 42. Bd6
{[%clk 01:17:43]} {[%emt 00:01:24]} Rxb2+ {[%clk 00:30:46]} {[%emt 00:00:10]}
43. Ka6 {[%clk 01:18:07]} {[%emt 00:00:05]} Ra2 {[%clk 00:25:04]} {[%emt
00:06:12]} 44. Bxe7+ {[%clk 01:16:42]} {[%emt 00:01:56]} Ke8 {[%clk 00:25:14]}
{[%emt 00:00:20]} 45. Bf6 {[%clk 01:16:35]} {[%emt 00:00:37]} Rxa4 {[%clk
00:25:29]} {[%emt 00:00:14]} 46. Rxb6 {[%clk 01:16:58]} {[%emt 00:00:07]} Kd7
{[%clk 00:22:42]} {[%emt 00:03:17]} 47. Rb5 {[%clk 01:16:58]} {[%emt 00:00:29]}
Ke6 {[%clk 00:23:03]} {[%emt 00:00:10]} 48. Be5 {[%clk 01:17:19]} {[%emt
00:00:09]} Rb4 {[%clk 00:22:34]} {[%emt 00:00:59]} 49. Kxa5 {[%clk 01:17:37]}
{[%emt 00:00:12]} 1-0

[Event "Deutsche Ländermeisterschaft 2024"]
[Site "Tübingen GER"]
[Date "2024.10.06"]
[Round "7"]
[White "Mohylnyi, Stepan"]
[Black "Sydykov, Bayastan"]
[Result "1/2-1/2"]
[Termination "normal"]
[Board "1.2"]
[BlackTitle "FM"]
[WhiteElo "2146"]
[BlackElo "2268"]
[WhiteClock "00:38:37"]
[BlackClock "00:00:58"]
[WhiteTeam "Bayern"]
[BlackTeam "Hessen"]
[PlyCount "163"]
[WhiteFideId "34127836"]
[BlackFideId "13829610"]
[EventCountry "GER"]
[EventRounds "7"]
[EventType "team-swiss"]
[EventDate "2024.10.02"]

1. e4 {[%clk 01:30:57]} {[%emt 00:00:02]} e6 {[%clk 01:30:43]} {[%emt
00:00:18]} 2. d4 {[%clk 01:31:23]} {[%emt 00:00:04]} d5 {[%clk 01:31:10]}
{[%emt 00:00:04]} 3. Nc3 {[%clk 01:31:49]} {[%emt 00:00:03]} Nf6 {[%clk
01:31:18]} {[%emt 00:00:22]} 4. Bg5 {[%clk 01:32:04]} {[%emt 00:00:15]} dxe4
{[%clk 01:31:28]} {[%emt 00:00:21]} 5. Nxe4 {[%clk 01:32:29]} {[%emt 00:00:05]}
Nbd7 {[%clk 01:31:34]} {[%emt 00:00:24]} 6. Nf3 {[%clk 01:29:32]} {[%emt
00:03:26]} Be7 {[%clk 01:31:53]} {[%emt 00:00:12]} 7. Nxf6+ {[%clk 01:29:38]}
{[%emt 00:00:24]} Bxf6 {[%clk 01:32:16]} {[%emt 00:00:06]} 8. Qd2 {[%clk
01:28:28]} {[%emt 00:01:40]} O-O {[%clk 01:26:19]} {[%emt 00:06:28]} 9. O-O-O
{[%clk 01:26:28]} {[%emt 00:02:29]} b6 {[%clk 01:07:55]} {[%emt 00:18:55]} 10.
Bb5 {[%clk 01:19:27]} {[%emt 00:07:30]} Bxg5 {[%clk 01:00:34]} {[%emt
00:07:51]} 11. Qxg5 {[%clk 01:17:35]} {[%emt 00:02:23]} Bb7 {[%clk 00:55:52]}
{[%emt 00:05:12]} 12. Qf4 {[%clk 01:09:42]} {[%emt 00:08:22]} Qf6 {[%clk
00:33:45]} {[%emt 00:22:36]} 13. Qg3 {[%clk 01:06:33]} {[%emt 00:03:39]} Rad8
{[%clk 00:32:15]} {[%emt 00:02:02]} 14. Kb1 {[%clk 01:06:07]} {[%emt 00:00:56]}
a6 {[%clk 00:21:17]} {[%emt 00:11:27]} 15. Bd3 {[%clk 01:04:33]} {[%emt
00:02:02]} Bxf3 {[%clk 00:16:48]} {[%emt 00:05:01]} 16. Qxf3 {[%clk 00:50:58]}
{[%emt 00:14:06]} Qxf3 {[%clk 00:16:09]} {[%emt 00:01:08]} 17. gxf3 {[%clk
00:51:25]} {[%emt 00:00:03]} Nb8 {[%clk 00:14:45]} {[%emt 00:01:55]} 18. Rhe1
{[%clk 00:48:11]} {[%emt 00:03:43]} g6 {[%clk 00:13:36]} {[%emt 00:01:39]} 19.
c3 {[%clk 00:48:29]} {[%emt 00:00:12]} Rd6 {[%clk 00:12:28]} {[%emt 00:01:38]}
20. Kc2 {[%clk 00:47:58]} {[%emt 00:01:01]} Rfd8 {[%clk 00:12:41]} {[%emt
00:00:18]} 21. h4 {[%clk 00:44:03]} {[%emt 00:04:24]} Kg7 {[%clk 00:09:23]}
{[%emt 00:03:48]} 22. f4 {[%clk 00:42:24]} {[%emt 00:02:09]} a5 {[%clk
00:08:22]} {[%emt 00:01:32]} 23. Be4 {[%clk 00:41:16]} {[%emt 00:01:37]} Nd7
{[%clk 00:07:28]} {[%emt 00:01:24]} 24. Bf3 {[%clk 00:41:33]} {[%emt 00:00:13]}
Nf6 {[%clk 00:06:20]} {[%emt 00:01:38]} 25. Re5 {[%clk 00:41:09]} {[%emt
00:00:54]} Nd5 {[%clk 00:03:27]} {[%emt 00:03:23]} 26. Bxd5 {[%clk 00:40:19]}
{[%emt 00:01:20]} Rxd5 {[%clk 00:03:56]} {[%emt 00:00:01]} 27. Kd3 {[%clk
00:40:29]} {[%emt 00:00:20]} R5d6 {[%clk 00:02:41]} {[%emt 00:01:46]} 28. Rde1
{[%clk 00:27:40]} {[%emt 00:13:19]} c5 {[%clk 00:01:40]} {[%emt 00:01:30]} 29.
R5e4 {[%clk 00:26:19]} {[%emt 00:01:51]} Kf8 {[%clk 00:01:06]} {[%emt
00:01:04]} 30. Kc4 {[%clk 00:25:16]} {[%emt 00:01:34]} Rc8 {[%clk 00:00:46]}
{[%emt 00:00:49]} 31. Kb5 {[%clk 00:24:40]} {[%emt 00:01:05]} Ke7 {[%clk
00:00:48]} {[%emt 00:00:28]} 32. Rd1 {[%clk 00:24:36]} {[%emt 00:00:35]} Kd7
{[%clk 00:00:49]} {[%emt 00:00:29]} 33. c4 {[%clk 00:23:26]} {[%emt 00:01:40]}
f5 {[%clk 00:00:40]} {[%emt 00:00:39]} 34. Re5 {[%clk 00:23:14]} {[%emt
00:00:42]} cxd4 {[%clk 00:00:51]} {[%emt 00:00:18]} 35. Rd3 {[%clk 00:23:41]}
{[%emt 00:00:04]} Kc7 {[%clk 00:00:34]} {[%emt 00:00:47]} 36. a3 {[%clk
00:20:46]} {[%emt 00:03:26]} Kb7 {[%clk 00:00:37]} {[%emt 00:00:27]} 37. b4
{[%clk 00:21:12]} {[%emt 00:00:03]} axb4 {[%clk 00:00:40]} {[%emt 00:00:27]}
38. axb4 {[%clk 00:21:41]} {[%emt 00:00:01]} Rcd8 {[%clk 00:00:35]} {[%emt
00:00:35]} 39. c5 {[%clk 00:15:57]} {[%emt 00:06:13]} bxc5 {[%clk 00:00:54]}
{[%emt 00:00:12]} 40. bxc5 {[%clk 00:16:26]} {[%emt 00:00:01]} Ra6 {[%clk
00:00:53]} {[%emt 00:00:31]} 41. Kc4 {[%clk 00:15:06]} {[%emt 00:01:50]} Kc7
{[%clk 00:26:12]} {[%emt 00:05:11]} 42. Kb5 {[%clk 00:45:06]} {[%emt 00:00:30]}
Ra2 {[%clk 00:09:48]} {[%emt 00:16:54]} 43. Rxe6 {[%clk 00:37:24]} {[%emt
00:08:12]} Rb2+ {[%clk 00:09:49]} {[%emt 00:00:29]} 44. Kc4 {[%clk 00:37:53]}
Rc2+ {[%clk 00:09:49]} {[%emt 00:00:30]} 45. Kb5 {[%clk 00:38:22]} Rb8+ {[%clk
00:07:05]} {[%emt 00:03:14]} 46. Rb6 {[%clk 00:38:51]} {[%emt 00:00:02]} Rb2+
{[%clk 00:06:07]} {[%emt 00:01:28]} 47. Kc4 {[%clk 00:39:20]} R8xb6 {[%clk
00:05:31]} {[%emt 00:01:06]} 48. cxb6+ {[%clk 00:39:45]} {[%emt 00:00:05]} Kxb6
{[%clk 00:05:19]} {[%emt 00:00:42]} 49. f3 {[%clk 00:39:43]} {[%emt 00:00:31]}
Rh2 {[%clk 00:05:06]} {[%emt 00:00:43]} 50. Kxd4 {[%clk 00:39:59]} {[%emt
00:00:15]} Rxh4 {[%clk 00:05:11]} {[%emt 00:00:25]} 51. Ke5 {[%clk 00:40:27]}
{[%emt 00:00:02]} Kc6 {[%clk 00:04:50]} {[%emt 00:00:51]} 52. Ra3 {[%clk
00:39:56]} {[%emt 00:01:01]} Rh1 {[%clk 00:03:55]} {[%emt 00:01:24]} 53. Rc3+
{[%clk 00:39:54]} {[%emt 00:00:33]} Kb5 {[%clk 00:03:20]} {[%emt 00:01:05]} 54.
Kf6 {[%clk 00:39:30]} {[%emt 00:00:54]} Rg1 {[%clk 00:03:03]} {[%emt 00:00:47]}
55. Ke5 {[%clk 00:33:30]} {[%emt 00:06:30]} Rg3 {[%clk 00:01:03]} {[%emt
00:02:30]} 56. Kd4 {[%clk 00:33:22]} {[%emt 00:00:37]} Kb4 {[%clk 00:01:21]}
{[%emt 00:00:12]} 57. Rd3 {[%clk 00:33:46]} {[%emt 00:00:07]} h5 {[%clk
00:00:59]} {[%emt 00:00:52]} 58. Ke3 {[%clk 00:34:11]} {[%emt 00:00:05]} Rg2
{[%clk 00:01:18]} {[%emt 00:00:12]} 59. Rd8 {[%clk 00:34:22]} {[%emt 00:00:18]}
Kc4 {[%clk 00:01:03]} {[%emt 00:00:45]} 60. Rd4+ {[%clk 00:33:19]} {[%emt
00:01:34]} Kc3 {[%clk 00:00:39]} {[%emt 00:00:53]} 61. Rd8 {[%clk 00:33:38]}
{[%emt 00:00:11]} Kc4 {[%clk 00:00:34]} {[%emt 00:00:35]} 62. Rd4+ {[%clk
00:33:52]} {[%emt 00:00:15]} Kc5 {[%clk 00:00:49]} {[%emt 00:00:15]} 63. Rd8
{[%clk 00:34:03]} {[%emt 00:00:20]} Kc6 {[%clk 00:00:49]} {[%emt 00:00:30]} 64.
Rd1 {[%clk 00:34:18]} {[%emt 00:00:15]} Kc7 {[%clk 00:00:50]} {[%emt 00:00:29]}
65. Kd4 {[%clk 00:34:23]} {[%emt 00:00:24]} Kd6 {[%clk 00:00:51]} {[%emt
00:00:29]} 66. Ke3+ {[%clk 00:34:26]} {[%emt 00:00:27]} Ke7 {[%clk 00:01:04]}
{[%emt 00:00:18]} 67. Ra1 {[%clk 00:34:48]} {[%emt 00:00:08]} Kf6 {[%clk
00:00:40]} {[%emt 00:00:54]} 68. Ra6+ {[%clk 00:35:13]} {[%emt 00:00:05]} Kg7
{[%clk 00:01:05]} {[%emt 00:00:05]} 69. Ra7+ {[%clk 00:35:37]} {[%emt
00:00:06]} Kh6 {[%clk 00:01:26]} {[%emt 00:00:09]} 70. Ra8 {[%clk 00:36:00]}
{[%emt 00:00:07]} Rb2 {[%clk 00:00:44]} {[%emt 00:01:11]} 71. Rc8 {[%clk
00:36:14]} {[%emt 00:00:16]} Rb7 {[%clk 00:00:34]} {[%emt 00:00:41]} 72. Kf2
{[%clk 00:36:10]} {[%emt 00:00:34]} Kg7 {[%clk 00:00:38]} {[%emt 00:00:27]} 73.
Kg3 {[%clk 00:36:12]} {[%emt 00:00:27]} Rb6 {[%clk 00:00:35]} {[%emt 00:00:33]}
74. Kh4 {[%clk 00:36:16]} {[%emt 00:00:26]} Kf6 {[%clk 00:00:45]} {[%emt
00:00:20]} 75. Rf8+ {[%clk 00:36:44]} {[%emt 00:00:01]} Ke6 {[%clk 00:00:50]}
{[%emt 00:00:26]} 76. Kg5 {[%clk 00:36:41]} {[%emt 00:00:32]} Kd5 {[%clk
00:00:53]} {[%emt 00:00:28]} 77. Rd8+ {[%clk 00:36:42]} {[%emt 00:00:29]} Rd6
{[%clk 00:00:45]} {[%emt 00:00:37]} 78. Re8 {[%clk 00:37:09]} {[%emt 00:00:03]}
Kd4 {[%clk 00:00:52]} {[%emt 00:00:24]} 79. Re7 {[%clk 00:37:26]} {[%emt
00:00:12]} Rc6 {[%clk 00:00:51]} {[%emt 00:00:32]} 80. Re8 {[%clk 00:37:43]}
{[%emt 00:00:14]} Rd6 {[%clk 00:00:39]} {[%emt 00:00:41]} 81. Re7 {[%clk
00:38:09]} {[%emt 00:00:04]} Rc6 {[%clk 00:00:58]} {[%emt 00:00:11]} 82. Re8
{[%clk 00:38:37]} {[%emt 00:00:01]} 1/2-1/2

[Event "Deutsche Ländermeisterschaft 2024"]
[Site "Tübingen GER"]
[Date "2024.10.06"]
[Round "7"]
[White "Baranyai-Molnar, Adam-Kristof"]
[Black "Shen, Tingrui"]
[Result "1-0"]
[Termination "normal"]
[Board "1.3"]
[WhiteElo "2179"]
[BlackElo "2112"]
[WhiteClock "00:45:00"]
[BlackClock "00:03:05"]
[WhiteTeam "Hessen"]
[BlackTeam "Bayern"]
[PlyCount "78"]
[WhiteFideId "768022"]
[BlackFideId "34603441"]
[EventCountry "GER"]
[EventRounds "7"]
[EventType "team-swiss"]
[EventDate "2024.10.02"]

1. f4 {[%clk 01:30:58]} {[%emt 00:00:01]} d5 {[%clk 01:29:37]} {[%emt
00:01:23]} 2. Nf3 {[%clk 01:31:25]} {[%emt 00:00:04]} c5 {[%clk 01:28:15]}
{[%emt 00:01:51]} 3. g3 {[%clk 01:31:44]} {[%emt 00:00:11]} Nc6 {[%clk
01:27:12]} {[%emt 00:01:32]} 4. Bg2 {[%clk 01:32:10]} {[%emt 00:00:05]} g6
{[%clk 01:25:54]} {[%emt 00:01:48]} 5. O-O {[%clk 01:32:30]} {[%emt 00:00:11]}
Bg7 {[%clk 01:26:12]} {[%emt 00:00:11]} 6. d3 {[%clk 01:32:56]} {[%emt
00:00:05]} Nf6 {[%clk 01:25:59]} {[%emt 00:00:41]} 7. c3 {[%clk 01:32:58]}
{[%emt 00:00:29]} O-O {[%clk 01:25:24]} {[%emt 00:01:03]} 8. Na3 {[%clk
01:31:51]} {[%emt 00:01:39]} b6 {[%clk 01:20:26]} {[%emt 00:05:28]} 9. e4
{[%clk 01:27:27]} {[%emt 00:04:55]} dxe4 {[%clk 01:09:24]} {[%emt 00:11:31]}
10. dxe4 {[%clk 01:27:54]} {[%emt 00:00:04]} Ba6 {[%clk 01:08:43]} {[%emt
00:01:09]} 11. Qxd8 {[%clk 01:26:58]} {[%emt 00:01:27]} Raxd8 {[%clk 01:07:50]}
{[%emt 00:01:22]} 12. Re1 {[%clk 01:27:25]} {[%emt 00:00:05]} e6 {[%clk
01:04:00]} {[%emt 00:04:19]} 13. e5 {[%clk 01:27:13]} {[%emt 00:00:43]} Nd5
{[%clk 01:03:17]} {[%emt 00:01:10]} 14. Ng5 {[%clk 01:26:02]} {[%emt 00:01:42]}
Nce7 {[%clk 00:59:30]} {[%emt 00:04:16]} 15. Nc2 {[%clk 01:24:27]} {[%emt
00:02:07]} Rd7 {[%clk 00:57:36]} {[%emt 00:02:24]} 16. a4 {[%clk 01:23:50]}
{[%emt 00:01:08]} Rfd8 {[%clk 00:55:04]} {[%emt 00:02:59]} 17. a5 {[%clk
01:23:41]} {[%emt 00:00:41]} Bd3 {[%clk 00:52:46]} {[%emt 00:02:47]} 18. Ne3
{[%clk 01:24:06]} {[%emt 00:00:06]} b5 {[%clk 00:42:53]} {[%emt 00:10:21]} 19.
Ne4 {[%clk 01:23:43]} {[%emt 00:00:54]} Bxe4 {[%clk 00:33:39]} {[%emt
00:09:44]} 20. Bxe4 {[%clk 01:24:08]} {[%emt 00:00:06]} a6 {[%clk 00:33:39]}
{[%emt 00:00:30]} 21. c4 {[%clk 01:15:31]} {[%emt 00:09:08]} Nc7 {[%clk
00:23:23]} {[%emt 00:10:44]} 22. b3 {[%clk 01:14:53]} {[%emt 00:01:10]} Nf5
{[%clk 00:22:04]} {[%emt 00:01:47]} 23. Nxf5 {[%clk 01:14:33]} {[%emt
00:00:51]} exf5 {[%clk 00:20:45]} {[%emt 00:01:48]} 24. Bc6 {[%clk 01:14:45]}
{[%emt 00:00:19]} Rd3 {[%clk 00:19:35]} {[%emt 00:01:41]} 25. cxb5 {[%clk
01:13:53]} {[%emt 00:01:21]} Nxb5 {[%clk 00:19:32]} {[%emt 00:00:32]} 26. Bxb5
{[%clk 01:14:18]} {[%emt 00:00:05]} axb5 {[%clk 00:19:46]} {[%emt 00:00:16]}
27. a6 {[%clk 01:13:11]} {[%emt 00:01:38]} Ra8 {[%clk 00:14:59]} {[%emt
00:05:17]} 28. Be3 {[%clk 01:12:50]} {[%emt 00:00:51]} Bf8 {[%clk 00:14:33]}
{[%emt 00:00:55]} 29. Bf2 {[%clk 01:05:18]} {[%emt 00:08:03]} Rxb3 {[%clk
00:11:36]} {[%emt 00:03:27]} 30. Rec1 {[%clk 00:54:17]} {[%emt 00:11:32]} c4
{[%clk 00:11:11]} {[%emt 00:00:54]} 31. a7 {[%clk 00:54:37]} {[%emt 00:00:10]}
Ba3 {[%clk 00:10:13]} {[%emt 00:01:27]} 32. Rc2 {[%clk 00:53:23]} {[%emt
00:01:45]} c3 {[%clk 00:09:12]} {[%emt 00:01:31]} 33. Kf1 {[%clk 00:52:57]}
{[%emt 00:00:56]} b4 {[%clk 00:09:11]} {[%emt 00:00:32]} 34. Bd4 {[%clk
00:51:26]} {[%emt 00:02:00]} Rb2 {[%clk 00:08:40]} {[%emt 00:01:00]} 35. Rxb2
{[%clk 00:44:10]} {[%emt 00:07:47]} Bxb2 {[%clk 00:07:33]} {[%emt 00:01:37]}
36. Ra6 {[%clk 00:44:32]} {[%emt 00:00:08]} Ba3 {[%clk 00:04:17]} {[%emt
00:03:45]} 37. Rc6 {[%clk 00:44:54]} {[%emt 00:00:09]} h6 {[%clk 00:03:30]}
{[%emt 00:01:18]} 38. Ke2 {[%clk 00:44:44]} {[%emt 00:00:39]} b3 {[%clk
00:03:05]} {[%emt 00:00:55]} 39. Rxc3 {[%clk 00:45:00]} {[%emt 00:00:14]} Kh7
{[%emt 00:01:57]} 1-0